00522nam a2200169Ia 450000500170000000800410001708200130005810000310007124500410010226000520014330000120019565000100020765000160021794200060023395200980023999900150033720250606005452.0240331s9999 xx 000 0 und d bKANa304 aKantha Shakthi Sanvidanaya 0aKantha Sharieraya mityawen satyayata aSri LankabWomen empowerment organizationc1989 a55 p ., aWoman aempowerment cL 001040708LaWERCLbWERCLcSSCd2024-03-31l0o 304.63 KANp1118r2024-03-31w2024-03-31yL c1461d1461